|
|
|
|
| LEADER |
00830nam a2200229 a 4500 |
| 001 |
2180775 |
| 008 |
090616s1972 njua b 000 0 eng d |
| 010 |
|
|
|a 70037781
|
| 020 |
|
|
|a 0137014740
|
| 040 |
|
|
|a DLC
|c DLC
|d DLC
|
| 082 |
0 |
0 |
|a 658.8
|2 18
|
| 100 |
1 |
|
|a Diamond, Jay.
|
| 245 |
1 |
0 |
|a Principles of marketing /
|c by Jay Diamond and Gerald Pintel.
|
| 260 |
|
|
|a Englewood Cliffs, N.J.,
|b Prentice-Hall,
|c 1972
|
| 300 |
|
|
|a ix, 402 p. :
|b illus. ;
|c 25 cm.
|
| 504 |
|
|
|a Includes bibliographies.
|
| 541 |
1 |
|
|e 00001485
|
| 650 |
|
0 |
|a Marketing.
|
| 700 |
1 |
|
|a Pintel, Gerald,
|e joint author.
|
| 852 |
4 |
|
|a Ayesha Abed Library
|j General shelf
|
| 999 |
|
|
|c 1427
|d 1427
|
| 952 |
|
|
|0 0
|1 0
|2 ddc
|4 0
|6 658_800000000000000_DIA
|7 0
|9 1305
|a BRACUL
|b BRACUL
|c GEN
|d 2009-06-28
|g 376.00
|l 6
|m 28
|o 658.8 DIA
|p 3010001485
|r 2022-08-28
|s 2022-08-16
|t 1
|v 752.00
|w 2009-06-28
|y BK
|